World Capitals Closest to Amsterdam - Statistics

General Stats
  • This quiz has been taken 1,179 times
  • The average score is 17 of 20
Answer Stats
km capital miles % Correct
578 Berlin 359
98%
173 Brussels 107
98%
358 London 223
98%
430 Paris 267
98%
631 Bern 392
94%
622 Copenhagen 386
94%
914 Oslo 568
94%
319 Luxembourg 198
93%
1125 Stockholm 699
93%
936 Vienna 582
93%
756 Dublin 470
92%
1098 Warsaw 682
90%
713 Prague 443
89%
670 Vaduz 416
78%
979 Monaco 608
76%
987 Bratislava 613
75%
1126 Andorra la Vella 699
74%
1091 San Marino 678
65%
1086 Zagreb 675
63%
989 Ljubljana 615
59%
No matching quizzes found
Score Distribution
Percent of People with Each Score
Percentile by Number Answered
Your Score History
You have not taken this quiz